000 00666nam a2200181Ia 4500
003 IN-BaIIA
008 211028s9999 xx 000 0 eng d
040 _cIIA Library
080 _a624.012.36(540)
_bCIV
110 _aIndia. Civil Engineering and Construction Review
245 0 _aDevelopments in concreting technology in India
_ba compilation of reprints from CE & CR (1991-97)
_cCivil Engineering and Construction Review
260 _aNew Delhi
_bCivil Engineering and Construction Review
_c1998
300 _a202p.
650 _aBuilding construction
_99183
650 _aCivil engineering
_95496
650 _aConcrete
_916401
942 _cBK
999 _c12863
_d12863